Une lettre , Un personnage version Fairy Tail - Statistiques

Statistiques générales
  • Ce quiz a été pris 815 fois
  • Le résultat moyen est 18 sur 24
Statistiques - réponses
Par images Réponse % Correct
Erza
98%
Gray
98%
Happy
98%
Lucy
97%
Natsu
97%
Jubia
96%
Carla
95%
Wendy
94%
Ignir
93%
Makarof
92%
Acnologia
90%
Sting
87%
Taurus
87%
Virgo
87%
Kanna
85%
Rog
85%
Zeleph
82%
Ultia
81%
Bisca
63%
Dimaria
45%
Yuri
45%
Porlyusica
36%
Obra
10%
Fabrizio
4%
Aucun quiz correspondant
Distribution des résultats
% des personnes avec chaque résultat
Percentile par nombre de réponses
Votre historique - résultats
Vous n’avez pas pris ce quiz